[Event "Championnat de la Loire 2019-2020"]
[Site "Loire"]
[Date "2019.11.09"]
[Round "2.1"]
[White "Boeuf, Jeremy"]
[Black "Imperiali, Joris"]
[Result "0-1"]
[WhiteElo "1568"]
[BlackElo "2131"]
[EventDate "2019.??.??"]
[PlyCount "106"]

1. d4 Nf6 2. Nf3 c5 3. c4 cxd4 4. Nxd4 e5 5. Nb5 d5 6. cxd5 Bc5 7. e3 O-O 
8. Be2 Nbd7 9. O-O Nb6 10. Qc2 Qe7 11. d6 Bxd6 12. Nxd6 Qxd6 13. Rd1 Qe6 
14. Nc3 Bd7 15. Bf3 Bc6 16. e4 Rac8 17. Qe2 a6 18. Bg5 h6 19. Bh4 g5 20. 
Nd5 Bb5 21. Qe3 Nc4 22. Qc1 gxh4 23. Qxh6 Nxd5 24. Qxe6 fxe6 25. exd5 Nxb2
26. Rd2 Nc4 27. Rdd1 Rf4 28. a4 Be8 29. d6 Bc6 30. d7 Rd8 31. Bxc6 bxc6 
32. Rac1 Na5 33. Rc5 Rxa4 34. h3 Kf7 35. Rxe5 Nb3 36. Rh5 Kg6 37. Re5 Nd4 
38. Re4 Rxd7 39. Kf1 Nb3 40. Rxe6+ Kf5 41. Rde1 Ra1 42. Rxa1 Kxe6 43. Rxa6
Kd5 44. Rb6 Nd4 45. g4 c5 46. Ke1 Re7+ 47. Kd1 Rf7 48. Ke1 c4 49. Rb8 c3 
50. Rc8 c2 51. Kd2 Rxf2+ 52. Ke1 Rh2 53. Rd8+ Ke4 0-1

[Event "Championnat de la Loire 2019-2020"]
[Site "Loire"]
[Date "2019.11.09"]
[Round "2.2"]
[White "Bumba, Ovidiu"]
[Black "Vier, Serge"]
[Result "1-0"]
[WhiteElo "1944"]
[BlackElo "1540"]
[EventDate "2019.??.??"]
[PlyCount "46"]

1. c4 e5 2. Nc3 Nf6 3. Nf3 Nc6 4. g3 Bc5 5. Bg2 O-O 6. O-O d6 7. h3 Bf5 8.
 d3 Qd7 9. Kh2 Rad8 10. a3 a5 11. e4 Bg6 12. Rb1 Nd4 13. Nxd4 Bxd4 14. Bg5
Rb8 15. Bxf6 gxf6 16. f4 exf4 17. gxf4 f5 18. Ne2 Bh5 19. Bf3 Bxf3 20. 
Rxf3 Bf6 21. Ng3 fxe4 22. dxe4 Qc6 23. Nh5 Bh4 1-0

[Event "Championnat de la Loire 2019-2020"]
[Site "Loire"]
[Date "2019.11.09"]
[Round "2.3"]
[White "Carteron, Olivier"]
[Black "Cursoux, Gerard"]
[Result "0-1"]
[WhiteElo "1475"]
[BlackElo "1819"]
[EventDate "2019.??.??"]
[PlyCount "42"]

1. d4 f5 2. c4 g6 3. Nc3 Nf6 4. f3 Bg7 5. e4 fxe4 6. fxe4 d6 7. Nf3 O-O 8.
 Be2 b6 9. O-O h6 10. Bd3 g5 11. Bc2 Nc6 12. d5 Nb4 13. Bb1 e5 14. dxe6 
Bxe6 15. Qe2 Ng4 16. e5 Nxe5 17. Nd4 Rxf1+ 18. Qxf1 Bxc4 19. Qf5 Qf6 20. 
Qh7+ Kf7 21. Qe4 Qf1# 0-1

[Event "Championnat de la Loire 2019-2020"]
[Site "Loire"]
[Date "2019.11.09"]
[Round "2.4"]
[White "Frey, Thierry"]
[Black "Boeuf, Jean-Julien"]
[Result "1-0"]
[WhiteElo "1776"]
[BlackElo "1451"]
[EventDate "2019.??.??"]
[PlyCount "81"]

1. e4 c5 2. Nf3 e6 3. d4 cxd4 4. Nxd4 Nf6 5. Nc3 Qb6 6. Nb3 Nc6 7. Be3 Qc7
8. a3 a6 9. f4 d6 10. Be2 Be7 11. Bf3 Rb8 12. Qd2 b5 13. O-O Bb7 14. Kh1 
O-O 15. Qf2 Ba8 16. g4 Nd7 17. Ne2 Nb6 18. Bxb6 Rxb6 19. Rad1 Rbb8 20. 
Nbd4 Rfd8 21. Qg2 Nxd4 22. Nxd4 Rbc8 23. c3 e5 24. fxe5 dxe5 25. Nf5 Bf8 
26. g5 Bc5 27. Bg4 Rb8 28. Rxd8+ Rxd8 29. Bh5 Rd7 30. Nh6+ gxh6 31. gxh6+ 
Kf8 32. Qg7+ Ke8 33. Qxh7 Qb7 34. Qh8+ Bf8 35. Qxe5+ Re7 36. Bxf7+ Kd7 37.
 Qf5+ Kc7 38. Bd5 Qc8 39. Qxc8+ Kxc8 40. Rxf8+ Kd7 41. Rxa8 1-0

[Event "Championnat de la Loire 2019-2020"]
[Site "Loire"]
[Date "2019.11.09"]
[Round "2.5"]
[White "Volay, Pascal"]
[Black "Breuil, Tristan"]
[Result "0-1"]
[WhiteElo "1289"]
[BlackElo "1754"]
[EventDate "2019.??.??"]
[PlyCount "74"]

1. d4 Nf6 2. c4 e6 3. Nf3 d5 4. e3 c5 5. cxd5 exd5 6. Nc3 Nc6 7. Be2 cxd4 
8. Nxd4 Bd6 9. Bf3 Nxd4 10. Qxd4 Be6 11. Nxd5 Bxd5 12. Qa4+ Qd7 13. Qxd7+ 
Kxd7 14. Bxd5 Nxd5 15. Bd2 Bb4 16. Rd1 Ke7 17. a3 Bxd2+ 18. Rxd2 Rhd8 19. 
Ke2 Rd7 20. Rc1 Rad8 21. Rdc2 g5 22. g3 Nf6 23. Kf3 Rd2 24. Rc7+ R8d7 25. 
R1c2 g4+ 26. Kg2 Rxc7 27. Rxc7+ Kf8 28. Rxb7 Ne4 29. Rb8+ Kg7 30. Rb4 f5 
31. Rb5 Rxf2+ 32. Kh1 Rf3 33. Rb3 Ng5 34. Kg2 Nh3 35. Rb5 Rf2+ 36. Kh1 
Rf1+ 37. Kg2 Rg1# 0-1

[Event "Championnat de la Loire 2019-2020"]
[Site "Loire"]
[Date "2019.11.08"]
[Round "2.6"]
[White "Mir Hassaine, Eddy"]
[Black "Guichard, Thomas"]
[Result "0-1"]
[WhiteElo "1259"]
[BlackElo "1730"]
[EventDate "2019.??.??"]
[PlyCount "110"]

1. Nf3 Nf6 2. d4 e6 3. Nbd2 b6 4. b3 Bb7 5. g3 Be7 6. Bb2 Ne4 7. Nxe4 Bxe4
8. Bg2 d5 9. O-O O-O 10. Nd2 Bxg2 11. Kxg2 Nd7 12. c4 Nf6 13. e3 Re8 14. 
Re1 Qc8 15. Rc1 Qb7 16. Qf3 Bb4 17. Bc3 c5 18. Bxb4 cxb4 19. e4 dxe4 20. 
Nxe4 Nxe4 21. Qxe4 Qxe4+ 22. Rxe4 a5 23. d5 exd5 24. Rxe8+ Rxe8 25. cxd5 
f6 26. d6 Rd8 27. Rc6 b5 28. Rb6 Kf8 29. Rxb5 Ra8 30. Rb7 Rd8 31. d7 Ra8 
32. Rc7 Rd8 33. Rc8 Ke7 34. Rxd8 Kxd8 35. Kf3 Kxd7 36. Ke4 Ke6 37. Kd4 Kd6
38. Kc4 Kc6 39. f3 f5 40. g4 fxg4 41. fxg4 g5 42. Kd4 Kd6 43. Ke4 Ke6 44. 
h4 gxh4 45. Kf4 Kf6 46. g5+ Kg6 47. Kg4 h3 48. Kxh3 Kxg5 49. Kg3 h5 50. 
Kf3 h4 51. Kg2 Kg4 52. Kf2 h3 53. Kg1 Kg3 54. Kh1 h2 55. a4 bxa3 0-1

[Event "Championnat de la Loire 2019-2020"]
[Site "Loire"]
[Date "2019.11.09"]
[Round "2.7"]
[White "Choquelle, Jean"]
[Black "Picard, Vincent"]
[Result "0-1"]
[WhiteElo "1120"]
[BlackElo "1720"]
[EventDate "2019.??.??"]
[PlyCount "64"]

1. d4 Nf6 2. Nc3 d5 3. Nf3 Bf5 4. e3 e6 5. Bb5+ c6 6. Ba4 h6 7. O-O Bd6 8.
 a3 O-O 9. b4 a6 10. Bb3 b5 11. Bd2 Nbd7 12. Ne2 Qe7 13. Bc3 Ne4 14. Ne5 
Nxc3 15. Nxc3 Nxe5 16. Qe2 Nd7 17. Rae1 e5 18. Rd1 Rfe8 19. e4 exd4 20. 
Rxd4 Be5 21. Rxd5 Bxc3 22. Rxf5 Bf6 23. Rf4 Ne5 24. c3 Rad8 25. c4 Bg5 26.
 Qe3 Rd3 27. Qc1 Bxf4 28. Qxf4 Rxb3 29. Rd1 Rd3 30. Re1 Red8 31. Qc1 Rd2 
32. g3 Nf3+ 0-1

[Event "Championnat de la Loire 2019-2020"]
[Site "Loire"]
[Date "2019.11.09"]
[Round "2.8"]
[White "Philip, Sylvain"]
[Black "Poyet, Louis"]
[Result "1-0"]
[WhiteElo "1699"]
[BlackElo "1219"]
[EventDate "2019.??.??"]
[PlyCount "61"]

1. d4 d5 2. c4 c6 3. Nc3 Nf6 4. Nf3 dxc4 5. a4 Bd7 6. a5 e6 7. e3 Bb4 8. 
Bd2 O-O 9. Nb1 Bxd2+ 10. Nbxd2 Na6 11. Bxc4 Nc7 12. O-O b6 13. axb6 axb6 
14. Qb3 b5 15. Be2 Ncd5 16. Ne5 Nb6 17. Bf3 Nfd5 18. Ra3 Ra4 19. Ne4 Qc7 
20. Nc5 Rxa3 21. Qxa3 Ra8 22. Qb3 Kh8 23. Nxf7+ Kg8 24. Ne5 Qc8 25. h3 Be8
26. Rc1 Nd7 27. Ncxd7 Bxd7 28. e4 Ne7 29. Bg4 Ra7 30. Nxd7 Qxd7 31. Bxe6+ 
1-0

[Event "Championnat de la Loire 2019-2020"]
[Site "Loire"]
[Date "2019.11.09"]
[Round "2.9"]
[White "Acikgoz, Tuncay"]
[Black "Gasmi, Mehdy"]
[Result "0-1"]
[WhiteElo "1789"]
[BlackElo "1199"]
[EventDate "2019.??.??"]
[PlyCount "64"]

1. e4 c5 2. Nc3 d6 3. Bb5+ Bd7 4. Bc4 Nf6 5. f4 e6 6. Nf3 a6 7. a4 Be7 8. 
O-O O-O 9. d3 Nc6 10. e5 Ne8 11. exd6 Nxd6 12. Ne4 Nxc4 13. dxc4 Qc7 14. 
c3 Rad8 15. Qc2 h6 16. Be3 b6 17. Ng3 Bd6 18. Nd2 Ne7 19. Nde4 Bc6 20. 
Nxd6 Rxd6 21. f5 f6 22. fxe6 Rxe6 23. Bf4 Qc8 24. Rae1 Re8 25. b3 Kf7 26. 
Bxh6 Ng6 27. Bd2 Nh4 28. Rxe6 Qxe6 29. Qh7 Qg4 30. Qh5+ Qxh5 31. Nxh5 Bxg2
32. Rd1 Re2 0-1

[Event "Championnat de la Loire 2019-2020"]
[Site "Loire"]
[Date "2019.11.09"]
[Round "2.10"]
[White "Samuel, Christian"]
[Black "Galop, Victor"]
[Result "1-0"]
[WhiteElo "1734"]
[BlackElo "1199"]
[EventDate "2019.??.??"]
[PlyCount "95"]

1. d4 d5 2. Nf3 Nf6 3. c4 c6 4. Nc3 dxc4 5. a4 Bg4 6. Ne5 Bf5 7. e3 e6 8. 
Bxc4 Bd6 9. O-O Nbd7 10. f4 O-O 11. g4 Be4 12. Nxe4 Nxe4 13. Qf3 Nef6 14. 
Qh3 Nd5 15. Rf3 f5 16. g5 Bxe5 17. dxe5 g6 18. b3 Re8 19. Ba3 Rc8 20. Qh4 
c5 21. Rd1 Nf8 22. Bb2 Rc7 23. Qe1 Rd7 24. Bb5 Ree7 25. Bxd7 Rxd7 26. Rc1 
Qb6 27. e4 fxe4 28. Qxe4 Ne7 29. Kh1 Nf5 30. Rd3 Rxd3 31. Qxd3 Qc6+ 32. 
Kg1 Nh4 33. Qg3 Nf5 34. Qg2 Qb6 35. Rc3 Nd7 36. Qd2 Qc6 37. Rd3 Nh4 38. 
Qf2 Nf5 39. Qf3 Qc7 40. Qd1 Nb6 41. Ba3 Nd5 42. Rxd5 exd5 43. Qxd5+ Qf7 
44. e6 Qe8 45. e7+ Kg7 46. Qe5+ Kf7 47. Qf6+ Kg8 48. Bxc5 1-0

[Event "Championnat de la Loire 2019-2020"]
[Site "Loire"]
[Date "2019.11.09"]
[Round "2.11"]
[White "Breuil, Virgile"]
[Black "Soubeyran, Emilie"]
[Result "1-0"]
[WhiteElo "1711"]
[BlackElo "1199"]
[EventDate "2019.??.??"]
[PlyCount "67"]

1. e4 e5 2. f4 d6 3. Nf3 Nf6 4. Nc3 Be6 5. d3 Nbd7 6. f5 d5 7. fxe6 fxe6 
8. exd5 exd5 9. Be2 Bc5 10. Na4 Bb4+ 11. Bd2 Qe7 12. Bxb4 Qxb4+ 13. c3 Qe7
14. b3 Ng4 15. Qd2 O-O 16. h3 Ngf6 17. O-O h6 18. Nh4 Qf7 19. c4 c6 20. d4
e4 21. Bg4 Rad8 22. Bxd7 Rxd7 23. Nc5 Re7 24. Nf5 Rc7 25. Qf4 Nh5 26. Qg4 
g6 27. Nxh6+ Kh7 28. Nxf7 Rcxf7 29. Rxf7+ Rxf7 30. Rf1 Nf6 31. Qh4+ Kg7 
32. Ne6+ Kg8 33. Rxf6 e3 34. Rxg6+ 1-0

[Event "Championnat de la Loire 2019-2020"]
[Site "Loire"]
[Date "2019.11.09"]
[Round "2.12"]
[White "Joly, Christian"]
[Black "Nunes Soubeyran, Emma"]
[Result "1-0"]
[WhiteElo "1520"]
[BlackElo "1099"]
[EventDate "2019.??.??"]
[PlyCount "77"]

1. d4 d5 2. Nf3 Nf6 3. e3 e6 4. Bd3 Bb4+ 5. Nbd2 O-O 6. b3 Nc6 7. a3 Bc3 
8. Rb1 Qe8 9. O-O e5 10. dxe5 Nxe5 11. Nxe5 Qxe5 12. h3 Qg5 13. Nf3 Qh5 
14. Bd2 Ne4 15. Bxe4 dxe4 16. Bxc3 Qg6 17. Ne5 Qg5 18. Kh2 Re8 19. Qd5 Bf5
20. Qxf7+ Kh8 21. Qxe8+ Rxe8 22. Nf7+ Kg8 23. Nxg5 h6 24. f4 hxg5 25. fxg5
Be6 26. Rbd1 b5 27. Rd4 Bf7 28. Rd7 Be6 29. Rxg7+ Kh8 30. Rxc7+ Kg8 31. 
Rg7+ Kh8 32. Rxa7+ Kg8 33. Rg7+ Kh8 34. Re7+ Kg8 35. Rxe8+ Kh7 36. Rxe6 
Kg8 37. Re7 b4 38. Rg7+ Kh8 39. Rf8# 1-0

[Event "Championnat de la Loire 2019-2020"]
[Site "Loire"]
[Date "2019.11.09"]
[Round "2.13"]
[White "Nunes Soubeyran, Tom"]
[Black "Garon, Pierre"]
[Result "0-1"]
[WhiteElo "1009"]
[BlackElo "1851"]
[EventDate "2019.??.??"]
[PlyCount "62"]

1. e4 e6 2. d4 d5 3. e5 c5 4. c3 Nc6 5. Nf3 Qb6 6. g3 Bd7 7. Bg2 cxd4 8. 
cxd4 Nge7 9. O-O Nf5 10. Be3 Be7 11. Nc3 O-O 12. Re1 f6 13. exf6 Bxf6 14. 
a3 Na5 15. b4 Nc4 16. a4 Qxb4 17. Rb1 Qxc3 18. Rxb7 Bc6 19. Rc7 Rfc8 20. 
Bf4 Rxc7 21. Bxc7 Rc8 22. Be5 Nxe5 23. Nxe5 Bxe5 24. dxe5 Qb4 25. Qh5 
Qxe1+ 26. Bf1 Bxa4 27. g4 Ne7 28. h3 Bb5 29. Kh2 Qxf1 30. h4 Qxf2+ 31. Kh3
Rc3# 0-1

[Event "Championnat de la Loire 2019-2020"]
[Site "Loire"]
[Date "2019.11.09"]
[Round "2.14"]
[White "Minchilli, Franco"]
[Black "Mialon, Franck"]
[Result "1-0"]
[WhiteElo "1630"]
[BlackElo "1266"]
[EventDate "2019.??.??"]
[PlyCount "43"]

1. e4 e5 2. Nf3 Nc6 3. g3 d6 4. c3 Bg4 5. Bg2 Nf6 6. d3 Be7 7. Qb3 Qd7 8. 
Ng5 Be6 9. Nxe6 fxe6 10. Be3 O-O 11. O-O d5 12. exd5 exd5 13. d4 e4 14. 
Nd2 Kh8 15. Rad1 Rab8 16. c4 Qg4 17. cxd5 Na5 18. Qc2 Bd6 19. Nxe4 Nxd5 
20. Ng5 Qh5 21. Bxd5 h6 22. Qh7# 1-0

[Event "Championnat de la Loire 2019-2020"]
[Site "Loire"]
[Date "2019.11.09"]
[Round "2.15"]
[White "Calderon-Fernandez, Gerard"]
[Black "Zaouak, Fahim"]
[Result "1-0"]
[WhiteElo "1260"]
[BlackElo "1613"]
[EventDate "2019.??.??"]
[PlyCount "149"]

1. e4 e5 2. Nf3 Nc6 3. Bc4 Nf6 4. Ng5 d5 5. exd5 Na5 6. Bb5+ c6 7. dxc6 
bxc6 8. Qf3 Be7 9. Bd3 O-O 10. O-O h6 11. Ne4 Nxe4 12. Qxe4 f5 13. Qxe5 
Bd6 14. Qe3 Qh4 15. f4 Nb7 16. Qf3 Nd8 17. Bc4+ Be6 18. Bxe6+ Nxe6 19. d3 
Nd4 20. Qf2 Qf6 21. c3 Ne6 22. Be3 a5 23. Nd2 g5 24. fxg5 hxg5 25. Nc4 Bc7
26. Rae1 Qh8 27. h3 g4 28. Bd4 Qh6 29. Be5 Bd8 30. Qe2 gxh3 31. gxh3 Qxh3 
32. Qg2+ Qxg2+ 33. Kxg2 Nc5 34. Rf3 Be7 35. Rh1 Bf6 36. Bd6 Rf7 37. Bxc5 
Rg7+ 38. Rg3 Rxg3+ 39. Kxg3 Rd8 40. d4 Kg7 41. Nxa5 Re8 42. Kf3 Bg5 43. 
Nxc6 Re3+ 44. Kf2 Rd3 45. Bd6 Rd2+ 46. Kf3 Rxb2 47. a4 Rb3 48. Be5+ Kf7 
49. a5 Rxc3+ 50. Ke2 Rxc6 51. Ra1 Ra6 52. Bc7 Ke6 53. Rb1 Kd7 54. Bb6 Ra8 
55. Rb5 Ke6 56. d5+ Ke5 57. Bc7+ Kd4 58. d6 Re8+ 59. Kd1 Ke4 60. Rb8 Re5 
61. a6 Be3 62. Kc2 Rd5 63. Re8+ Kf3 64. Rxe3+ Kxe3 65. a7 Rd2+ 66. Kc3 Ra2
67. d7 Rxa7 68. d8=Q Rxc7+ 69. Qxc7 f4 70. Qe5+ Kf3 71. Kd3 Kg4 72. Ke2 
Kg3 73. Qg5+ Kh2 74. Qxf4+ Kh3 75. Qg5 1-0

[Event "Championnat de la Loire 2019-2020"]
[Site "Loire"]
[Date "2019.11.09"]
[Round "2.16"]
[White "Trottet, Francois"]
[Black "Wille, Gaspar"]
[Result "1-0"]
[WhiteElo "1480"]
[BlackElo "1230"]
[EventDate "2019.??.??"]
[PlyCount "61"]

1. e4 e5 2. Nf3 Nc6 3. Bb5 Nf6 4. O-O d6 5. Re1 Bd7 6. d4 Be7 7. d5 a6 8. 
dxc6 axb5 9. cxd7+ Qxd7 10. h3 Qc6 11. Nc3 b4 12. Nd5 Nxd5 13. exd5 Qc4 
14. b3 Qb5 15. Ng5 O-O 16. Bf4 h6 17. Nf3 Rfe8 18. Be3 Bf6 19. Nh2 e4 20. 
Qg4 g5 21. Rad1 Rxa2 22. h4 Kh7 23. Qf5+ Kg7 24. hxg5 hxg5 25. Bxg5 Bc3 
26. Rxe4 Rxc2 27. Ng4 Rxe4 28. Qxe4 Re2 29. Qf5 Qc5 30. Nf6 Bxf6 31. Qxf6+
1-0

[Event "Championnat de la Loire 2019-2020"]
[Site "Loire"]
[Date "2019.11.09"]
[Round "2.17"]
[White "Megnot, Philippe"]
[Black "Astar, Valentin"]
[Result "1-0"]
[WhiteElo "1451"]
[BlackElo "1178"]
[EventDate "2019.??.??"]
[PlyCount "91"]

1. e4 e5 2. Nf3 Nc6 3. Bc4 Bc5 4. d3 d6 5. h3 h6 6. a3 Nf6 7. Nc3 Bd7 8. 
Ba2 Qe7 9. Nd5 Nxd5 10. Bxd5 O-O-O 11. c3 Rdf8 12. a4 f5 13. b4 fxe4 14. 
dxe4 Nxb4 15. cxb4 Bxb4+ 16. Bd2 Bc5 17. Qb3 c6 18. Bc4 Be8 19. Rb1 Bg6 
20. Bd3 Bf7 21. Qb2 Bh5 22. Be2 Qf7 23. a5 Qe7 24. Bb4 Bd4 25. Nxd4 Bxe2 
26. Nxe2 Qf7 27. O-O g5 28. Ng3 g4 29. h4 Qe7 30. Nf5 Qd8 31. Bxd6 Qd7 32.
 Bxf8 Rxf8 33. Rfd1 Qc7 34. Qb4 Rg8 35. Nd6+ Kd8 36. Nxb7+ Kc8 37. Nd6+ 
Kd7 38. Nf5+ Ke6 39. Rd6+ Kf7 40. Nxh6+ Kg7 41. Nxg8 Kxg8 42. Qb8+ Qxb8 
43. Rxb8+ Kf7 44. Rb7+ Ke8 45. Rh6 Kf8 46. Rh8# 1-0

[Event "Championnat de la Loire 2019-2020"]
[Site "Loire"]
[Date "2019.11.09"]
[Round "2.18"]
[White "Martin, Julien"]
[Black "Drevet, Melvin"]
[Result "1-0"]
[WhiteElo "1394"]
[BlackElo "1107"]
[EventDate "2019.??.??"]
[PlyCount "105"]

1. e4 e5 2. Nc3 Nc6 3. Nf3 Bc5 4. Bb5 d6 5. O-O f6 6. Na4 Bb6 7. Bxc6+ 
bxc6 8. d4 Ba6 9. Re1 Ba5 10. Bd2 Bb6 11. dxe5 fxe5 12. Ng5 Qf6 13. Qf3 
Qe7 14. Qh3 Qf8 15. Nxb6 cxb6 16. Ne6 Qe7 17. Ng5 Nf6 18. Qe6 h6 19. Qxe7+
Kxe7 20. Nf3 c5 21. Nh4 Kf7 22. Rad1 g5 23. Nf5 Rad8 24. Bc3 Ke6 25. Ng7+ 
Kf7 26. Nf5 Ke6 27. Rd2 Rh7 28. Red1 d5 29. Ng3 d4 30. b3 Bb7 31. Re1 Rhd7
32. Bb2 h5 33. f3 h4 34. Nf1 Ba6 35. Red1 g4 36. c4 gxf3 37. gxf3 Rg8+ 38.
 Rg2 Rdg7 39. Rd2 h3 40. Rxg7 Rxg7+ 41. Ng3 Nh5 42. Kf2 Nxg3 43. hxg3 Rh7 
44. Rd1 h2 45. Rh1 b5 46. cxb5 Bxb5 47. Kg2 d3 48. Bc3 Rd7 49. Kxh2 d2 50.
 Rd1 Rh7+ 51. Kg2 Rd7 52. g4 a6 53. Kg3 1-0

[Event "Championnat de la Loire 2019-2020"]
[Site "Loire"]
[Date "2019.11.09"]
[Round "2.19"]
[White "Bernard De St Affriq, Guillaume"]
[Black "Brachet, Gerard"]
[Result "0-1"]
[WhiteElo "1199"]
[BlackElo "1359"]
[EventDate "2019.??.??"]
[PlyCount "60"]

1. e4 e5 2. Nc3 Nf6 3. Bb5 a6 4. Ba4 b5 5. Bb3 Bc5 6. Qe2 Nc6 7. a4 b4 8. 
Qc4 O-O 9. Nf3 h6 10. h4 bxc3 11. dxc3 d6 12. a5 Ng4 13. Bg5 Qe8 14. O-O-O
Nxf2 15. Rhe1 Nxd1 16. Rxd1 Be6 17. Rd5 hxg5 18. Ba2 Qe7 19. b4 Be3+ 20. 
Kb2 Bxd5 21. exd5 Nxa5 22. bxa5 Rfb8+ 23. Ka1 Rb7 24. Qg4 Bc1 25. Nxg5 
Bxg5 26. hxg5 Rb5 27. c4 Rxa5 28. Qh5 e4 29. g6 Qe5+ 30. Qxe5 dxe5 0-1

[Event "Championnat de la Loire 2019-2020"]
[Site "Loire"]
[Date "2019.11.09"]
[Round "2.21"]
[White "Boussaidi, Abdelmalek"]
[Black "Dos Santos, Lilian"]
[Result "0-1"]
[WhiteElo "1146"]
[BlackElo "1325"]
[EventDate "2019.??.??"]
[PlyCount "52"]

1. e4 c5 2. Nf3 e6 3. Bc4 Nc6 4. O-O d5 5. exd5 exd5 6. Bb5 Bd7 7. c4 Nf6 
8. Nc3 a6 9. Ba4 dxc4 10. Qe2+ Be7 11. b3 b5 12. bxc4 bxa4 13. Nxa4 O-O 
14. d3 Re8 15. Nc3 Bg4 16. Ne4 Nd4 17. Qd1 Nxe4 18. dxe4 Bf6 19. h3 Nxf3+ 
20. gxf3 Qxd1 21. Rxd1 Bxf3 22. Re1 Bxa1 23. Ba3 Bd4 24. h4 Rxe4 25. Rc1 
Rxh4 26. Kf1 Rh1# 0-1

[Event "Championnat de la Loire 2019-2020"]
[Site "Loire"]
[Date "2019.11.09"]
[Round "2.22"]
[White "Barrandon, Georges"]
[Black "Valette, Thomas"]
[Result "1-0"]
[WhiteElo "1322"]
[BlackElo "1099"]
[EventDate "2019.??.??"]
[PlyCount "103"]

1. d4 d5 2. c4 dxc4 3. e4 Nf6 4. e5 Nd5 5. Bxc4 e6 6. Nf3 Bb4+ 7. Nbd2 O-O
8. O-O Nc6 9. a3 Bxd2 10. Bxd2 h6 11. Qe2 a6 12. Bd3 Nce7 13. Qe4 f5 14. 
Qe1 b6 15. Qb1 Bb7 16. Be2 Ng6 17. Qc1 f4 18. Qc2 Nh4 19. Qd1 a5 20. Nxh4 
Qxh4 21. Bf3 Qg5 22. Bxd5 Bxd5 23. f3 c5 24. Bc3 cxd4 25. Qxd4 Rad8 26. 
Qxb6 Bc4 27. Rf2 a4 28. Qc6 Bb3 29. Re1 Qf5 30. Qe4 Rd1 31. Qxf5 exf5 32. 
Rxd1 Bxd1 33. Rd2 Bb3 34. Kf2 Re8 35. Rd5 Rxe5 36. Rd8+ Kf7 37. Bxe5 Ke7 
38. Rd6 Bc4 39. Rb6 Kf7 40. Rb7+ Kg6 41. Rxg7+ Kh5 42. Bxf4 Bd5 43. g4+ 
fxg4 44. fxg4+ Kh4 45. Bg3+ Kh3 46. Rh7 Kxg4 47. Rxh6 Be4 48. Rh4+ Kf5 49.
 Ke3 Bb7 50. Rxa4 Bc6 51. Rd4 Ke6 52. a4 1-0

[Event "Championnat de la Loire 2019-2020"]
[Site "Loire"]
[Date "2019.11.09"]
[Round "2.23"]
[White "Libiszewski, Christian"]
[Black "Poncet, Baptiste"]
[Result "1/2-1/2"]
[WhiteElo "1300"]
[BlackElo "1028"]
[EventDate "2019.??.??"]
[PlyCount "87"]

1. e4 e5 2. Nf3 Nc6 3. Bc4 Bc5 4. c3 Nf6 5. d3 a6 6. a4 O-O 7. O-O Re8 8. 
Re1 d5 9. exd5 Nxd5 10. Nbd2 Nf6 11. Nf1 e4 12. dxe4 Qxd1 13. Rxd1 Rxe4 
14. Bd3 Re7 15. Bg5 Ne5 16. Nxe5 Rxe5 17. b4 Bd6 18. Bf4 Re8 19. Bxd6 cxd6
20. Bc2 d5 21. Ne3 Be6 22. Rd4 b5 23. a5 Rac8 24. Rd3 Red8 25. Rc1 Ng4 26.
 Nxg4 Bxg4 27. f3 Bf5 28. Re3 Bxc2 29. Rxc2 d4 30. Rd3 g6 31. Kf2 dxc3 32.
 Rdxc3 Rxc3 33. Rxc3 Rd2+ 34. Kg3 Rb2 35. Rc6 Rxb4 36. Rxa6 Ra4 37. Kf2 
Kf8 38. g3 Ra2+ 39. Kg1 Ke7 40. Ra7+ Kf6 41. a6 b4 42. Rb7 Rxa6 43. Rxb4 
Ra2 44. Rb5 1/2-1/2